000 01743nam2a22003371 4500
001 rc\353485
005 20250612181845.0
010 _a5-06-000273-X
_d35 к.
_935000
021 _aRU
_b89-61671
035 _a(NLR Aleph) 008776595
090 _a7956538
_c7956538
100 _a20030307d1989 |||y0rusy50 ca
101 0 _arus
102 _aRU
105 _aa z||||||||
200 1 _aГибкие производственные модули
_f[Л.М. Кордыш, В.Л. Косовский]
210 _d1989
_aБ. м.
215 _a108, [3] с.
_cил.
320 _aБиблиогр.: с. 110
461 0 _1001rc\353482
_12001#$aГибкие производственные системы, промышленные роботы, робототехнические комплексы$e[в 14 книгах]$fпод ред. Б.И. Черпакова$vКн. 3
_97918461
_cМосква
_d1989-1990
_fпод ред. Б.И. Черпакова
_nВысшая школа
_o[в 14 книгах]
_tГибкие производственные системы, промышленные роботы, робототехнические комплексы
_vКн. 3
606 1 _aГибкие автоматизированные производства в машиностроении
_xУправление
_xСистемы
_xПроектирование
_91403495
_3RU\NLR\AUTH\66278575
686 0 _aК5-5-05
_2rubbk
686 0 _aК630.2-52
_2rubbk
700 1 _aКордыш
_bЛ. М.
_gЛеонид Моисеевич
701 1 _aКосовский
_bВ. Л.
_gВоля Львович
801 0 _aRU
_bNLR
_gpsbo
801 1 _aRU
_bELAR
_2rusmarc
801 2 _aRU
_bNLR
_c20140409
_2rusmarc
852 _aNLR
_j89-3/11261 (3)
942 _cBOOK
980 _aNB